Statistiques concernant Élimination par catégorie - Consoles n°1

Cliquez ici pour prendre le quiz!

Statistiques générales

  • Ce quiz a été pris 2 723 fois
  • Le résultat moyen est 14 sur 20

Statistiques - réponses

Groupe#Catégorie% Correct
Vert27Console vendue à plus de 10 millions d'exemplaires...
100%
Vert19...de salon (et pas portable)...
99%
Bleu8...sortie après 1995...
93%
Bleu13Console Nintendo...
93%
Jaune24Console portable...
92%
Jaune20...sortie dans le monde entier...
92%
Jaune10...avec au moins un jeu Sonic...
90%
Bleu5...avec un joystick (ou un gamepad)...
90%
Rose32Console japonaise...
89%
Jaune4...pouvant prendre des photos (avec ou sans accessoire)...
87%
Rose18...avec au moins un jeu Puzzle Bobble...
86%
Jaune1...et dont le nom contient un P:Playstation Portable
68%
Rose9...dont le nom du constructeur commence par "S"...
67%
Vert3...sortie avant 1987...
66%
Vert2...mais après 1980...
63%
Bleu2...sans jeu Professeur Layton...
55%
Bleu1...mais avec un jeu Pikmin:Game Cube
49%
Vert1...et n'étant pas de Nintendo:Master System
20%
Rose3...mais qui n'est ni de Sega ni de Sony...
7%
Rose1...et qui est portable:Neo-Geo Pocket
4%

Distribution des résultats

Percentile par nombre de réponses

% des personnes avec chaque résultat

Votre développement - résultats

Vous n’avez pas pris ce quiz